| 000 | 00431pab a2200145 454500 | ||
|---|---|---|---|
| 008 | 180718b xxu||||| |||| 00| 0 eng d | ||
| 100 | _aSen Sankar | ||
| 245 | _aCrime, society and police | ||
| 362 | _a14(1&2), May-Jun 1993, p.5-14 | ||
| 650 | _a Police -- India | ||
| 650 | _a Criminal Justice, Administration Of -- India | ||
| 650 | _aCrime -- India | ||
| 773 | _aIndian Journal of Criminology and Criminalistics | ||
| 909 | _a27225 | ||
| 999 |
_c27225 _d27225 |
||